000 00412nam a2200121Ia 4500
008 220615s9999||||xx |||||||||||||| ||und||
100 _aThanos Badekas
245 0 _aUpdate in Management of Foot and Ankle Disorders
546 _aEnglish[eng]
650 _aMedicine||Surgery||Orthopedics||Health Sciences
856 _uhttps://www.intechopen.com/books/update-in-management-of-foot-and-ankle-disorders
942 _cEB
999 _c9146
_d9146